| 000 | 00427nam a2200181Ia 4500 | ||
|---|---|---|---|
| 008 | 230711s9999||||xx |||||||||||||| ||und|| | ||
| 020 | _a978-93-80064-68-0 | ||
| 041 | _aENG | ||
| 082 |
_a615.1072 _bIT-D |
||
| 100 | _aItkar,Sachin | ||
| 245 | 0 | _aDrug Regulatory Affairs | |
| 250 | _a3rd Ed. | ||
| 260 |
_c2017 _aPune _bNirali Prakashan |
||
| 300 | _a14.40p. | ||
| 650 | _aPharmacy | ||
| 700 | _aVyawahare,N.S | ||
| 942 | _cBK | ||
| 999 |
_c7307 _d7307 |
||